000
00321nam a2200121Ia 4500
008
190216s9999||||xx |||||||||||||| ||und||
100
_a
Vijayalakshmy V G & Janardhanan 
 Pillay
245
0
_a
Subsidiary Mathematics
260
_b
Ajith Book Center
_c
1989
300
_a
304p
650
_a
Mathematics
942
_c
BK
999
_c
31267
_d
31267